000 00460cam a22001814a 4500
005 20250605164115.0
008 250528s ||||||||||||||||||||||||d
035 _a18030
040 _aGR-AtMCL
_bgre
_dGR-AtMCL
_eAACR2
245 1 _aΕΧΟΥΜΕ ΔΙΚΙΟ ΝΑ ΕΠΑΝΑΣΤΑΤΟΥΜΕ
250 _a1
260 _bΑρσενιδης,
_c1974
300 _a412
700 1 _aSartre Jean Paul
_9505
942 _cBK
999 _c3422
_d3422